000
00306nam a2200121Ia 4500
008
191201s2014 xx 000 0 und d
100
_a
GUPTA, Shashi K
245
0
_a
Introduction to Financial Services BBA 6th Sem
260
_a
N. Delhi
_b
Kalyani
_c
2014
300
_a
Misc
650
_a
BBA
942
_2
ddc
_c
BK
999
_c
6210
_d
6210